Kraje z imieniem w nazwie - Statystyki

Ogólne statystyki
  • Ten quiz został rozwiązany 180 razy
  • Średni wynik to 3 z 8
Statystyki odpowiedzi
Hint Odpowiedź % Poprawnych
1 Dominika
76%
6 Kuba
73%
3 Saint Lucia
32%
5 Wyspy Marshalla
29%
7 Wyspy Salomona
27%
4 Saint Kitts i Nevis
17%
8 Wyspy Świętego Tomasza i książęcia
3%
2 Saint Vincent i Grenrandyny
2%
Nie znaleziono quizów pasujących do podanych kryteriów
Rozkład punktacji
Procent ludzi z każdym wynikiem
Percentyl według liczby udzielonych odpowiedzi
Twoja historia wyników
Nie rozwiązałeś tego quizu